000 00354nam a22001457a 4500
008 210519b ||||| |||| 00| 0 eng d
020 _a0534947506
041 _aeng
080 _a004
082 _a004
100 _a28
101 _aSHKI
245 _aThe Object Concept An Introduction to Computer Programming Using C++
_cDecker,R
942 _2udc
_cBK
999 _c57467
_d57467